Cape ou pas cape ? - Statistiques

Statistiques générales
  • Ce quiz a été pris 77 fois
  • Le résultat moyen est 6 sur 13
Answers on the Grid
Answers color-coded by a green-red scale on the quiz's grid according to % correct below.
Purple Man
Mystério
Captain América
Doctor Doom
Deadpool
Loki
Catwoman
Supergirl
Zorro
Magnéto
Iron Man
Superman
Batgirl
Doctor Strange
Batman
Flash
Thor
Robin
Hulk
Wolverine
La Chose
Elektra
Femme Invisible
Flash Gordon
Green Lantern
Mr fantastic
Surfer d'Argent
Wonder Woman
Robocop
Black Panther
Daredevil
 
Statistiques - réponses
Réponse % Correct
Superman
83%
Batman
58%
Supergirl
58%
Thor
58%
Doctor Strange
50%
Zorro
50%
Loki
42%
Robin
42%
Batgirl
33%
Mystério
33%
Magnéto
25%
Doctor Doom
17%
Catwoman
8%
Aucun quiz correspondant
Distribution des résultats
% des personnes avec chaque résultat
Percentile par nombre de réponses
Votre historique - résultats
Vous n’avez pas pris ce quiz